Catálogo

Sólo el asombro conoce : (Registro nro. 24275)

Detalles MARC
000 -LEADER
fixed length control field 01417cam a2200373 i 4500
001 - CONTROL NUMBER
control field 24275
003 - CONTROL NUMBER IDENTIFIER
control field Mx-PuUPA
005 - DATE AND TIME OF LATEST TRANSACTION
control field 20250509145635.0
008 - FIXED-LENGTH DATA ELEMENTS--GENERAL INFORMATION
fixed length control field 140415s2006 sp gr 000 0 spa d
017 ## - COPYRIGHT OR LEGAL DEPOSIT NUMBER
Copyright or legal deposit number M-43987-2006
020 ## - INTERNATIONAL STANDARD BOOK NUMBER
International Standard Book Number 8474908108
040 ## - CATALOGING SOURCE
Original cataloging agency Mx-PuUPA
Language of cataloging spa
Transcribing agency Mx-PuUPA
Modifying agency Mx-PuUPA
Description conventions rda
041 1# - LANGUAGE CODE
Language code of text/sound track or separate title spa
Language code of original ita
100 1# - MAIN ENTRY--PERSONAL NAME
Personal name Bersanelli, Marco,
Relator term autor
9 (RLIN) 17018
240 10 - UNIFORM TITLE
Uniform title Solo lo stupore conosce.
Language of a work Español
245 10 - TITLE STATEMENT
Title Sólo el asombro conoce :
Remainder of title la aventura de la investigación científica /
Statement of responsibility, etc. Marco Bersanelli, Mario Gargantini ; prólogo de César Nombela ; traducción, Javier Corona
264 #1 - PRODUCTION, PUBLICATION, DISTRIBUTION, MANUFACTURE, AND COPYRIGHT NOTICE
Place of production, publication, distribution, manufacture Madrid :
Name of producer, publisher, distributor, manufacturer Ediciones Encuentro,
Date of production, publication, distribution, manufacture, or copyright notice ©2006
300 ## - PHYSICAL DESCRIPTION
Extent 358 páginas ;
Dimensions 23 cm
336 ## - CONTENT TYPE
Fuente rdacontent
Content type term texto
Content type code txt
337 ## - MEDIA TYPE
Source rdamedia
Media type term sin medio
Media type code n
338 ## - CARRIER TYPE
Source rdacarrier
Carrier type term volumen
Carrier type code nc
650 #7 - SUBJECT ADDED ENTRY--TOPICAL TERM
Source of heading or term armarc
Topical term or geographic name entry element Ciencia
650 #7 - SUBJECT ADDED ENTRY--TOPICAL TERM
Source of heading or term armarc
Topical term or geographic name entry element Investigación
General subdivision Aspectos psicológicos
650 #7 - SUBJECT ADDED ENTRY--TOPICAL TERM
Source of heading or term armarc
Topical term or geographic name entry element Investigación científica
650 #7 - SUBJECT ADDED ENTRY--TOPICAL TERM
Source of heading or term armarc
Topical term or geographic name entry element Ciencias y humanidades
650 #7 - SUBJECT ADDED ENTRY--TOPICAL TERM
Source of heading or term armarc
Topical term or geographic name entry element Aproximación interdisciplinaria al conocimiento
700 1# - ADDED ENTRY--PERSONAL NAME
Personal name Gargantini, Mario
Relator term autor
700 1# - ADDED ENTRY--PERSONAL NAME
Personal name Corona, Javier,
Relator term traductor
700 1# - ADDED ENTRY--PERSONAL NAME
Personal name Nombela, César,
Relator term Prologuista
9 (RLIN) 2169
765 0# - ORIGINAL LANGUAGE ENTRY
Main entry heading Bersanelli, Marco,
Place, publisher, and date of publication Milano : RCS Libri, ©2003
Title Solo lo stupore conosce.
942 ## - ADDED ENTRY ELEMENTS (KOHA)
Source of classification or shelving scheme Dewey Decimal Classification
Koha item type Libro
Classification part 001.4
Item part B4818
Existencias
Withdrawn status Lost status Source of classification or shelving scheme Damaged status Not for loan Collection code Home library Current library Shelving location Date acquired Source of acquisition Total Checkouts Full call number Barcode Date last seen Price effective from Koha item type
    Dewey Decimal Classification     General Centro de Estudios en Ciencia y Religión Centro de Estudios en Ciencia y Religión Sala general 03/12/2013   001.4 B482 2003 45317 05/01/2026 03/12/2013 Libro